LEADER 02398nam0-2200361---450- 001 990003581270203316 005 20111024164509.0 010 $a978-92-79-12614-7 035 $a000358127 035 $aUSA01000358127 035 $a(ALEPH)000358127USA01 035 $a000358127 100 $a20111024d2010----km-y0itay0103----ba 102 $aLU 105 $a||||||||001yy 200 1 $aEuropean green cars initiative$etowards an electric future?$fEuropean Commission, Directorate-general for Research 210 $aLuxembourg$cPublications office of the European Union$d2010 215 $a43 p.$cill.$d25 cm 330 $aIn a response to the severity of the current economic crisis, the European Commission has adopted a European Economy Recovery Plan to stimulate economic activity and employment. In this brochure you will find information on the European Green Cars Initiative, one of the measures of this plan, which supports the industries involved in the road transport sector. The initiative encompasses more than just technological research, and includes other types of measures, such as innovation and new incentives to support cleaner road transportation. The topics covered in the brochure deal exclusively with the research and development aspects, focussing on the three major research areas that are critical for success: the electrification of road and urban transport systems, road haulage and logistics. The aim of the brochure is to give you an appreciation of the current state of art and to explain how the European Green Cars Initiative will support further economic activity, preparing the future for a sustainable and clean transport system, ensuring European Leadership of automotive industry worldwide. [abstract tratto dalla pubblicazione] 606 0 $aVeicoli a trazione elettrica$2BNCF 676 $a629.2293 699 $a10.04$bVeicoli elettrici 710 02$aCommissione europea :$bDirezione generale Ricerca$0542713 801 0$aIT$bsalbc$gISBD 856 4 $uhttp://bookshop.europa.eu/it/european-green-cars-initiative-pbKI7809853/$4.$zAccesso libero online 912 $a990003581270203316 951 $aCDE 10.04 (II)$bCDE 2595$cCDE 10.04$d00185869 959 $aBK 969 $aCDE 979 $aMARIAS$b90$c20111024$lUSA01$h1645 979 $aMARIAS$b90$c20140730$lUSA01$h1439 996 $aEuropean green cars initiative$91115845 997 $aUNISA LEADER 00778nam0-2200265 --450 001 9910558999103321 005 20220428094445.0 010 $a978-88-548-5855-8 100 $a20220427d2013----kmuy0itay5050 ba 101 0 $aita 102 $aIT 105 $a 001yy 200 1 $a<>unione tra le muse$emusica e teatro in Russia nel primo trentennio del 19. secolo$fGiuseppina Giuliano 210 $aRoma$cAracne$d2013 215 $a200 p.$d24 cm 225 1 $aImmota harmonìa$v4 676 $a780.903$v23$zita 700 1$aGiuliano,$bGiuseppina$01221788 801 0$aIT$bUNINA$gREICAT$2UNIMARC 901 $aBK 912 $a9910558999103321 952 $a780.903 GIUG 01$b2022/721$fFLFBC 959 $aFLFBC 996 $aUnione tra le muse$92833111 997 $aUNINA